Accounting information systems / (Record no. 1056)

MARC details
000 -LEADER
fixed length control field 00587cac a22001691u 4500
008 - FIXED-LENGTH DATA ELEMENTS--GENERAL INFORMATION
fixed length control field 081222t2004 nyj|||||r|||| 001 0 eng d
010 ## - LIBRARY OF CONGRESS CONTROL NUMBER
LC control number 2003054194
020 ## - INTERNATIONAL STANDARD BOOK NUMBER
International Standard Book Number 0130082058 (pbk.)
082 00 - DEWEY DECIMAL CLASSIFICATION NUMBER
Classification number 657.0285
Item number BOD
Edition number 22
245 10 - TITLE STATEMENT
Title Accounting information systems /
Statement of responsibility, etc George H. Bodnar, William S. Hopwood.
250 ## - EDITION STATEMENT
Edition statement 9th ed.
260 ## - PUBLICATION, DISTRIBUTION, ETC. (IMPRINT)
Place of publication, distribution, etc Upper Saddle River, N.J. :
Name of publisher, distributor, etc Pearson Prentice Hall,
Date of publication, distribution, etc c2004.
300 ## - PHYSICAL DESCRIPTION
Extent xix, 488 p. :
Other physical details ill. ;
Dimensions 26 cm.
504 ## - BIBLIOGRAPHY, ETC. NOTE
Bibliography, etc Includes bibliographical references and index.
650 #0 - SUBJECT ADDED ENTRY--TOPICAL TERM
Topical term or geographic name as entry element Accounting
General subdivision Data processing.
9 (RLIN) 33535
942 ## - ADDED ENTRY ELEMENTS (KOHA)
Item type Book - Borrowing
Call number prefix 657.0285BOD
Source of classification or shelving scheme Dewey Decimal Classification
Holdings
Withdrawn status Item status Source of classification or shelving scheme Damaged status Not for loan Home library Current library Shelving location Date acquired Source of acquisition Total Checkouts Full call number Barcode Date last seen Koha item type
    Dewey Decimal Classification     Central Library Central Library First floor 17/08/2006 Purchase   657.0285 BOD 000003441 15/07/2025 Book - Borrowing